| 000 | 00769nam a2200217 a 4500 | ||
|---|---|---|---|
| 005 | 20171121111525.0 | ||
| 008 | 140226b1989 eng||||| |||| 00| 0 eng d | ||
| 040 |
_aCO-BoIAVH _cCO-BoIAVH |
||
| 041 | 0 | _aeng | |
| 044 | _aenk | ||
| 082 | 0 | 4 |
_a577.3 _bC11i |
| 110 | 2 |
_aCAB International _bCAB International |
|
| 245 | 1 | 0 |
_aIufro information service for developing countries _bselected from 'Forestry Abstracts and Forest Products Abstracts' |
| 260 |
_aVienna : _bWorld Bank, _c1989. |
||
| 300 |
_a2 volúmenes. ; _bilustraciones : _c30 x 21 cm. |
||
| 505 | _aVol. 1: Documento borrador | ||
| 505 | _aVol. 2: Documento final | ||
| 650 | 6 |
_aPlantacion forestal _xInvestigación |
|
| 650 | 6 |
_aProductos forestales _xInvestigación |
|
| 942 |
_cLIBRO _2ddc |
||
| 999 |
_c1291 _d1291 |
||